YouTubers - sudden death - Statistics

General Stats
  • This quiz has been taken 3,993 times
  • The average score is 4 of 10
Answers on the Grid
Answers color-coded by a green-red scale on the quiz's grid according to % correct below.
Mrbeast
PinkFong
SkibidiRizzler
T-series
ABC Mouse
Cocomelon
Set India
That's amazing
Kid's Diana Show
Dora the Explorer
Vlad and Niki
Pandora Music
Like Nastya
Dill Pickle
PewDiePie
Gaming stars
Zee Music Company
WWE
 
Answer Stats
Answer % Correct
Mrbeast
97%
PewDiePie
56%
T-series
54%
Cocomelon
44%
WWE
26%
Vlad and Niki
22%
Like Nastya
18%
Kid's Diana Show
17%
Set India
15%
Zee Music Company
11%
No matching quizzes found
Score Distribution
Percent of People with Each Score
Percentile by Number Answered
Your Score History
You have not taken this quiz